Online Catalogue and eLibrary

Dangerous Voices : (Record no. 3406)

MARC details
000 -LEADER
fixed length control field 00479nam a2200193Ia 4500
005 - DATE AND TIME OF LATEST TRANSACTION
control field 20241218015013.0
008 - FIXED-LENGTH DATA ELEMENTS--GENERAL INFORMATION
fixed length control field 240331s9999 xx 000 0 und d
020 ## - INTERNATIONAL STANDARD BOOK NUMBER
ISBN 0415121655
082 ## - DDC Classification
Item Number - Author Mark HOL
Class No. 889
100 ## - MAIN ENTRY--PERSONAL NAME
Personal name Holst-Warhaft, G
245 #0 - TITLE STATEMENT
Title Dangerous Voices :
Remainder of title women's laments and Greek literature
260 ## - PUBLICATION, DISTRIBUTION, ETC.
Place of publication, distribution, etc. London
Name of publisher, distributor, etc. Routledge
Date of publication, distribution, etc. 1992
300 ## - PHYSICAL DESCRIPTION
Extent (e.g. Volumes, Pages etc.) 227 p .,
650 ## - SUBJECT ADDED ENTRY--TOPICAL TERM
Topical term or geographic name entry element Greek Literature
650 ## - SUBJECT ADDED ENTRY--TOPICAL TERM
Topical term or geographic name entry element Women
650 ## - SUBJECT ADDED ENTRY--TOPICAL TERM
Topical term or geographic name entry element History
650 ## - SUBJECT ADDED ENTRY--TOPICAL TERM
Topical term or geographic name entry element Social
942 ## - Koha item type (Biblio)
Koha item type Books in Stacks (Lending)
Holdings
Lost status Damaged status Collection code Home library Current library Shelving location Date acquired Full call number Accession Number Item type
    Lending WERC Library WERC Library Social Science Cupboard 03/31/2024 889 HOL 5045 Books in Stacks (Lending)

© WERC Library